Statistics for Billy Idol-White Wedding (Lyrics)

Click here to take the quiz!

General Stats

  • This quiz has been taken 41 times
  • The average score is 189 of 246

Answer Stats

Lyrics% Correct
A
100%
Wedding
100%
White
100%
I
97%
Day
95%
It
95%
Nice
95%
The
95%
For
92%
It's
92%
it's
92%
You
92%
Again
90%
Start
90%
To
87%
Hey
85%
Little
85%
Sister
85%
Who
82%
On
79%
Your
79%
What
77%
Done
74%
Have
74%
One
74%
Only
72%
Shotgun
69%
Is
67%
Who's
67%
And
64%
Go
62%
In
62%
Me
62%
Nothin'
59%
(So)
56%
So
56%
There
56%
This
56%
Want
56%
Superman
54%
World
54%
Come
49%
I've
49%
Long
49%
(Long)
49%
Yeah
49%
Been
46%
Oh
44%
There's
44%
Sure
41%
Safe
38%
Away
36%
Pure
36%
Fair
33%
Left
33%
Let
33%
Take
33%
Back
31%
Home
31%
With
28%
Something
26%
Up
26%
Wish
26%
Look
23%
Pick
21%
Girl
18%
Vice
15%

Score Distribution

Percentile by Number Answered

Percent of People with Each Score

Your Score History

You have not taken this quiz